[Event "Championnat de France des Jeunes - Junio"]
[Site "MONTLUCON"]
[Date "2011.04.23"]
[Round "8.3"]
[White "Feryn, Alexandre"]
[Black "Stephan, Victor"]
[Result "0-1"]
[WhiteElo "2041"]
[BlackElo "2278"]
[PlyCount "80"]

1. e4 c5 2. Nf3 d6 3. c3 Nf6 4. Be2 g6 5. O-O Bg7 6. Bb5+ Nc6 7. Re1 O-O 8. h3
Bd7 9. d4 cxd4 10. Nxd4 Nxd4 11. Bxd7 Nxd7 12. cxd4 Qb6 13. Be3 Qxb2 14. Nd2
Bxd4 15. Rb1 Qc3 16. Rxb7 Bxe3 17. Rxe3 Qc6 18. Rb2 Rfc8 19. Nf1 Ne5 20. Qe2
Rab8 21. Rxb8 Rxb8 22. f4 Nd7 23. Kh2 Qc1 24. e5 dxe5 25. fxe5 Rb2 26. Qf3 Qc7
27. Ng3 e6 28. Qf4 Qc2 29. Re2 Qb1 30. Rxb2 Qxb2 31. Qa4 Nxe5 32. Ne4 Nf3+ 33.
Kg3 Ne1 34. Nf2 Qe5+ 35. Qf4 Qxf4+ 36. Kxf4 Nxg2+ 37. Ke5 Ne3 38. Ne4 Kg7 39.
Nd6 Nd5 40. Nb5 a6 0-1

[Event "Championnat de France des Jeunes - Junio"]
[Site "MONTLUCON"]
[Date "2011.04.23"]
[Round "8.5"]
[White "Podvin, Francois-Xavier"]
[Black "Ludwig, Remi"]
[Result "1-0"]
[WhiteElo "2000"]
[BlackElo "2253"]
[PlyCount "131"]

1. d4 Nf6 2. Nc3 c5 3. Nf3 cxd4 4. Nxd4 a6 5. e4 e5 6. Nb3 Bb4 7. Bd3 d5 8.
exd5 Qxd5 9. O-O Bxc3 10. bxc3 O-O 11. c4 Qc6 12. Re1 Qc7 13. Qf3 Bg4 14. Qg3
Nbd7 15. h3 Bh5 16. Bg5 Rfe8 17. Re3 Bg6 18. Bxf6 Nxf6 19. Rae1 Nh5 20. Rxe5
Rxe5 21. Qxe5 Qxe5 22. Rxe5 Nf4 23. Bxg6 Nxg6 24. Rc5 Re8 25. Kf1 Re7 26. Rc8+
Nf8 27. c5 f6 28. c6 bxc6 29. Rxc6 Re6 30. Nd4 Rxc6 31. Nxc6 Ne6 32. a4 Kf7 33.
Ke2 Nc5 34. a5 Ke6 35. c4 Kd6 36. Nb4 Nb3 37. Nxa6 Nxa5 38. Kd3 Kc6 39. Ke3 Nb7
40. Kd4 Kd6 41. c5+ Kc6 42. Nb4+ Kb5 43. Nd3 Kc6 44. g4 Nd8 45. Kc4 Ne6 46.
Nb4+ Kd7 47. Kb5 Nc7+ 48. Kb6 g6 49. Nd3 Nd5+ 50. Kb7 h6 51. Nf4 Ne7 52. Nd3
Nc6 53. Kb6 h5 54. gxh5 gxh5 55. h4 Ne7 56. Nf4 Kc8 57. Nxh5 Ng6 58. Nxf6 Nxh4
59. Ne4 Kd8 60. Kb7 Nf5 61. c6 Ne7 62. Nd6 Nd5 63. Nb5 Ne7 64. Nc3 Nc8 65. Ne4
Ne7 66. Nf6 1-0

[Event "Championnat de France des Jeunes - Junio"]
[Site "MONTLUCON"]
[Date "2011.04.23"]
[Round "8.6"]
[White "Massoni, Michael"]
[Black "Chandesris, Ludovic"]
[Result "1/2-1/2"]
[WhiteElo "2338"]
[BlackElo "2121"]
[PlyCount "116"]

1. e4 c5 2. Nf3 d6 3. d4 cxd4 4. Nxd4 Nf6 5. Nc3 g6 6. Be2 Bg7 7. O-O O-O 8.
Be3 Nc6 9. Nb3 Be6 10. f4 Rc8 11. Kh1 a6 12. f5 Bd7 13. Bd3 Ne5 14. Qe2 b5 15.
a3 Bc6 16. Bd4 Nfd7 17. Rad1 Nb6 18. Qf2 Nbc4 19. Bxc4 bxc4 20. Nd2 Bb7 21. Nf3
Nxf3 22. Bxg7 Kxg7 23. Qxf3 Rc5 24. Qf4 Re5 25. Rf3 f6 26. Qe3 Qa8 27. Rd4 d5
28. Nxd5 Bxd5 29. Rxd5 Qxd5 30. exd5 Rxe3 31. Rxe3 Kf7 32. fxg6+ hxg6 33. Re4
Rb8 34. Rxc4 Rxb2 35. g4 Rb5 36. Rd4 Ra5 37. a4 Rc5 38. d6 exd6 39. Rxd6 a5 40.
Ra6 Rxc2 41. Rxa5 Ra2 42. h4 Kg7 43. Ra7+ Kh8 44. a5 Ra4 45. a6 Ra2 46. Ra8+
Kg7 47. a7 Kh7 48. h5 gxh5 49. gxh5 f5 50. Kg1 Kg7 51. h6+ Kh7 52. Kf1 Ra4 53.
Kf2 Ra3 54. Ke2 Ra6 55. Kf3 Ra1 56. Kf4 Ra5 57. Kg5 f4+ 58. Kxf4 Ra1 1/2-1/2

[Event "Championnat de France des Jeunes - Junio"]
[Site "MONTLUCON"]
[Date "2011.04.23"]
[Round "8.7"]
[White "Le Goff, Ronan"]
[Black "Blum, Nicolas"]
[Result "1-0"]
[WhiteElo "2055"]
[BlackElo "2245"]
[PlyCount "89"]

1. d4 Nf6 2. Nf3 e6 3. e3 b6 4. Bd3 Bb7 5. Nbd2 d5 6. O-O Bd6 7. b3 O-O 8. Bb2
c5 9. Ne5 Ne4 10. f4 cxd4 11. exd4 f6 12. Nec4 Bb4 13. Nxe4 dxe4 14. Be2 f5 15.
a3 Be7 16. Ne3 Bf6 17. Bc4 Qd7 18. b4 Ba6 19. c3 Bxc4 20. Nxc4 b5 21. Ne3 Nc6
22. a4 a6 23. g4 fxg4 24. Qxg4 Ne7 25. Qg2 Qc6 26. Ng4 Nf5 27. axb5 axb5 28.
Rxa8 Qxa8 29. Re1 Nd6 30. Ra1 Qb7 31. Bc1 Be7 32. Qa2 Qc8 33. Qb3 Nc4 34. Qc2
e3 35. Nxe3 Rxf4 36. Qg2 Rf8 37. Ng4 Nd6 38. Bd2 Nf5 39. Nh6+ Nxh6 40. Bxh6 Bf6
41. Bxg7 Kf7 42. Bxf8 Qxc3 43. Ra7+ Ke8 44. Qa8+ Bd8 45. Re7+ 1-0

[Event "Championnat de France des Jeunes - Junio"]
[Site "MONTLUCON"]
[Date "2011.04.23"]
[Round "8.8"]
[White "Contout, Aime"]
[Black "Bouget, Alexandre"]
[Result "0-1"]
[WhiteElo "2097"]
[BlackElo "2189"]
[Annotator "Rivier,Sylvain"]
[PlyCount "109"]

1. d4 Nf6 2. Nf3 g6 3. Bg5 Bg7 4. Nbd2 d5 5. c3 O-O 6. Qb3 c6 7. e3 Nbd7 8. Be2
Kh8 9. O-O h6 10. Bh4 g5 11. Bg3 Nh5 12. c4 Nxg3 13. hxg3 dxc4 14. Nxc4 Nb6 15.
Nce5 Be6 16. Qa3 Qd6 17. Qxd6 exd6 18. Nd3 f5 19. Rfd1 a5 20. Nd2 a4 21. a3
Rfc8 22. Rac1 Nd7 23. Nc4 Bf8 24. Bf3 Kg7 25. Rc2 Rc7 26. Rdc1 Rac8 27. Nd2 Nb6
28. Nb4 Bf7 29. Rc3 Re8 30. Bd1 Rd7 31. Nb1 Red8 32. Nd3 Kf6 33. Kf1 Be7 34.
Ke1 h5 35. Be2 Rh8 36. Kf1 Be6 37. Ke1 h4 38. gxh4 Rxh4 39. Bf1 Rh1 40. Nd2 Bd5
41. f3 Bf8 42. Nf2 Rh4 43. g3 Rh8 44. g4 Be6 45. gxf5 Bxf5 46. e4 Be6 47. Nc4
Bxc4 48. Bxc4 Ke7 49. Ng4 Bg7 50. e5 dxe5 51. dxe5 Rd4 52. b3 axb3 53. Bxb3 Nd7
54. e6 Ne5 55. Nxe5 {sutie illisible} 0-1

[Event "Championnat de France des Jeunes - Junio"]
[Site "MONTLUCON"]
[Date "2011.04.23"]
[Round "8.9"]
[White "Lambert, Romain"]
[Black "Hutois, Mickael"]
[Result "0-1"]
[WhiteElo "2054"]
[BlackElo "2142"]
[PlyCount "116"]

1. d4 d5 2. c4 e6 3. Nc3 Nf6 4. Nf3 Be7 5. Bg5 O-O 6. e3 b6 7. Bd3 Bb7 8. Rc1
Nbd7 9. cxd5 exd5 10. O-O c5 11. Qc2 c4 12. Bf5 g6 13. Bh3 Nh5 14. Bh6 Re8 15.
Rfe1 Bb4 16. Qa4 Bxc3 17. bxc3 f5 18. Bg5 Qc7 19. Bf4 Nxf4 20. exf4 Bc6 21. Qd1
Qxf4 22. g3 Qd6 23. Qd2 Kg7 24. Re2 Rxe2 25. Qxe2 Nf6 26. Ne5 Re8 27. Qe3 b5
28. Bxf5 Nd7 29. Bxd7 Bxd7 30. h4 h5 31. Qg5 Bf5 32. f3 Qf6 33. Qe3 a5 34. a3
Qd6 35. Ra1 Re7 36. Qg5 Qf6 37. Qd2 Qb6 38. Kg2 Qf6 39. Ra2 Bc8 40. Rb2 Rb7 41.
Qe1 Qf5 42. Kg1 Qf6 43. Qe3 Qe6 44. Qe1 Qf5 45. Qe3 Qf6 46. Kg2 Qe6 47. Kg1 Qe7
48. Re2 Qd6 49. Qg5 Qf6 50. Qd2 Re7 51. Qe1 Qd6 52. Qc1 Bf5 53. Qg5 Qf6 54. Qd2
Bc8 55. Qc1 Rb7 56. Rb2 Qd6 57. Qh6+ Kxh6 58. Nf7+ Rxf7 0-1

[Event "Championnat de France des Jeunes - Junio"]
[Site "MONTLUCON"]
[Date "2011.04.23"]
[Round "8.10"]
[White "Ardellier, Maxime"]
[Black "Nari, Damien"]
[Result "0-1"]
[WhiteElo "1852"]
[BlackElo "1913"]
[PlyCount "92"]

1. e4 c6 2. d4 d5 3. Nc3 dxe4 4. Nxe4 Nd7 5. Ng5 Ngf6 6. Bd3 Qc7 7. N1f3 e6 8.
Qe2 h6 9. Ne4 Nxe4 10. Qxe4 Nf6 11. Qe2 Bd6 12. Bd2 b6 13. O-O-O Bb7 14. Ne5
O-O-O 15. f4 Rhe8 16. Rhf1 Kb8 17. g4 Nd5 18. Kb1 f6 19. Ng6 c5 20. dxc5 Qxc5
21. Bb5 Bc6 22. Bxc6 Qxc6 23. c4 Ne7 24. Nxe7 Rxe7 25. Bb4 Kc7 26. Bxd6+ Rxd6
27. Rxd6 Qxd6 28. Rd1 Qxf4 29. Qd3 Kb7 30. c5 Qc7 31. cxb6 axb6 32. Rc1 Qd7 33.
Qf3+ Qd5 34. Qc3 Rd7 35. Qc8+ Ka7 36. a3 Qb7 37. Qe8 e5 38. Rc4 Qh1+ 39. Rc1
Qe4+ 40. Ka1 Qxg4 41. Rc8 Qd1+ 42. Ka2 Qd5+ 43. Kb1 h5 44. Rb8 Qc6 45. Rc8 Rd1+
46. Ka2 Qd5+ 0-1

[Event "Championnat de France des Jeunes - Junio"]
[Site "MONTLUCON"]
[Date "2011.04.24"]
[Round "9.1"]
[White "Stephan, Victor"]
[Black "Sochacki, Wojtek"]
[Result "0-1"]
[WhiteElo "2278"]
[BlackElo "2294"]
[PlyCount "113"]

1. d4 g6 2. c4 Bg7 3. e4 d6 4. Nc3 e5 5. Be3 Nc6 6. d5 Nd4 7. Nge2 Nxe2 8. Bxe2
f5 9. exf5 gxf5 10. Bh5+ Kf8 11. f4 e4 12. Be2 a6 13. O-O b6 14. Bd4 Bxd4+ 15.
Qxd4 Qf6 16. Qxf6+ Nxf6 17. Nd1 Bd7 18. Ne3 a5 19. b3 Ke7 20. a3 Ra7 21. Kf2 h5
22. g3 Ng4+ 23. Bxg4 hxg4 24. Kg2 Rb7 25. b4 Ra8 26. b5 Rh8 27. Rh1 Rh3 28. Nd1
Rb8 29. Nf2 Rh7 30. h3 gxh3+ 31. Rxh3 Rxh3 32. Nxh3 Kf6 33. Ng1 Be8 34. Ne2 Bh5
35. Nd4 Rh8 36. Kf2 Bg4 37. Rg1 Ke7 38. Kg2 Bh3+ 39. Kf2 Bg4 40. Nc2 Bf3 41.
Nd4 Rh2+ 42. Ke3 Bg4 43. Ne6 Kd7 44. Ng5 a4 45. Rb1 Ra2 46. Re1 Rxa3+ 47. Kf2
Ra2+ 48. Ke3 Rg2 49. Rh1 a3 50. Rh7+ Kc8 51. Ne6 a2 52. Rh8+ Kd7 53. Rh7+ Ke8
54. Nxc7+ Kf8 55. Ne6+ Kg8 56. Rg7+ Kh8 57. Ra7 0-1

[Event "Championnat de France des Jeunes - Junio"]
[Site "MONTLUCON"]
[Date "2011.04.24"]
[Round "9.2"]
[White "Demuth, Adrien"]
[Black "Podvin, Francois-Xavier"]
[Result "1/2-1/2"]
[WhiteElo "2375"]
[BlackElo "2000"]
[PlyCount "83"]
[EventDate "2011.??.??"]

1. d4 Nf6 2. c4 c5 3. d5 b5 4. cxb5 a6 5. bxa6 g6 6. Nc3 Bxa6 7. Nf3 d6 8. g3
Nbd7 9. Bg2 Bg7 10. Rb1 Nb6 11. b3 Bb7 12. Nh4 O-O 13. O-O Ne8 14. Bb2 Bxc3 15.
Bxc3 Rxa2 16. b4 c4 17. Qd4 Nf6 18. e4 Qc7 19. Rfc1 e5 20. dxe6 fxe6 21. Rd1 e5
22. Qxd6 Qxd6 23. Rxd6 Nc8 24. Rd2 Rxd2 25. Bxd2 Bxe4 26. Rc1 Bxg2 27. Nxg2 Ne4
28. Be1 Ncd6 29. Ne3 Rc8 30. Kg2 Kf7 31. f3 Nf6 32. b5 Nxb5 33. Rxc4 Rxc4 34.
Nxc4 Ke6 35. Bb4 Nd4 36. Bc3 Nc6 37. Bb2 Kd5 38. Ne3+ Ke6 39. Kf2 Nd5 40. Nxd5
Kxd5 41. Ke3 Ne7 42. Kd3 1/2-1/2

[Event "Championnat de France des Jeunes - Junio"]
[Site "MONTLUCON"]
[Date "2011.04.24"]
[Round "9.3"]
[White "Villegas, Pierre"]
[Black "Gertosio, Franck"]
[Result "0-1"]
[WhiteElo "2246"]
[BlackElo "2166"]
[PlyCount "130"]

1. d4 d6 2. Nf3 Nd7 3. c4 e5 4. Nc3 g6 5. e4 Bg7 6. Be2 Ne7 7. Be3 O-O 8. O-O
h6 9. dxe5 dxe5 10. Qd2 Kh7 11. Rad1 f5 12. exf5 gxf5 13. Qc2 Qe8 14. Nb5 Qd8
15. Nc3 Qe8 16. Nb5 Qd8 17. Bc5 c6 18. Nxa7 Qe8 19. Bxe7 Qxe7 20. Nxc8 Raxc8
21. Ne1 Nc5 22. f3 Ne6 23. Bd3 Nd4 24. Qb1 Kh8 25. g3 Rce8 26. Ng2 e4 27. fxe4
fxe4 28. Rxf8+ Bxf8 29. Nf4 Kg7 30. Bf1 Qc5 31. Kh1 Nf3 32. Bg2 Qe3 33. Qc2 Ne1
34. Qe2 Qxe2 35. Nxe2 Nd3 36. Rb1 Nf2+ 37. Kg1 Bc5 38. b4 Be3 39. Nf4 Nd3+ 40.
Kf1 Rf8 41. Ke2 Bxf4 42. Bxe4 Nc1+ 43. Kf3 Be5+ 44. Kg4 Nxa2 45. Bh1 Rd8 46. b5
Rd4+ 47. Kh5 Rxc4 48. bxc6 bxc6 49. Rb7+ Kf6 50. Kxh6 Nb4 51. Bf3 Nd5 52. Rb1
Rc2 53. Rh1 Ne7 54. Be4 Rf2 55. g4 Bf4+ 56. Kh5 Re2 57. g5+ Ke5 58. Bf3 Re3 59.
Bg4 c5 60. h4 c4 61. Rc1 c3 62. Bd7 Nf5 63. Bxf5 Kxf5 64. g6 Re8 65. g7 Re6 0-1

[Event "Championnat de France des Jeunes - Junio"]
[Site "MONTLUCON"]
[Date "2011.04.24"]
[Round "9.4"]
[White "Bouget, Alexandre"]
[Black "Fantinel, Thibault"]
[Result "1/2-1/2"]
[WhiteElo "2189"]
[BlackElo "2235"]
[PlyCount "73"]

1. d4 Nf6 2. c4 e6 3. Nc3 Bb4 4. a3 Bxc3+ 5. bxc3 b6 6. f3 Ba6 7. e4 Nc6 8. Bg5
Qc8 9. Bd3 Na5 10. Qe2 Qb7 11. Nh3 Qc6 12. O-O Bxc4 13. Nf2 d6 14. Bxf6 gxf6
15. Ng4 Ke7 16. Nh6 Bxd3 17. Qxd3 Nc4 18. f4 Rad8 19. Rf3 b5 20. Rg3 Qd7 21.
Rg7 Rdf8 22. Qe2 Nb6 23. Qh5 Ke8 24. Ng4 Qe7 25. Qxb5+ Kd8 26. a4 Rfg8 27.
Rxg8+ Rxg8 28. Nf2 Qd7 29. Qh5 Ke7 30. Qxh7 Rg6 31. Re1 Qc6 32. Qh3 Nxa4 33. f5
Rg7 34. fxe6 Qxc3 35. Qxc3 Nxc3 36. exf7 Kxf7 37. Kf1 1/2-1/2

[Event "Championnat de France des Jeunes - Junio"]
[Site "MONTLUCON"]
[Date "2011.04.24"]
[Round "9.5"]
[White "Hutois, Mickael"]
[Black "Le Goff, Ronan"]
[Result "1-0"]
[WhiteElo "2142"]
[BlackElo "2055"]
[PlyCount "49"]

1. e4 e5 2. f4 d5 3. exd5 exf4 4. Nf3 Nf6 5. Bc4 Bd6 6. Qe2+ Be7 7. O-O O-O 8.
d4 Nbd7 9. Bb3 a5 10. c4 c6 11. dxc6 bxc6 12. Bxf4 Ba6 13. Ne5 Nxe5 14. Bxe5
Nd7 15. Nc3 Nxe5 16. dxe5 Bb4 17. e6 Qb6+ 18. Kh1 fxe6 19. Qxe6+ Kh8 20. Nd5
Qb7 21. Nxb4 axb4 22. Qd6 Rfd8 23. Qc5 Re8 24. Bc2 Qe7 25. Qh5 1-0

[Event "Championnat de France des Jeunes - Junio"]
[Site "MONTLUCON"]
[Date "2011.04.24"]
[Round "9.6"]
[White "Devallee, Jeremie"]
[Black "Feryn, Alexandre"]
[Result "0-1"]
[WhiteElo "2049"]
[BlackElo "2041"]
[PlyCount "122"]

1. e4 c5 2. Nf3 e6 3. b4 cxb4 4. d4 d5 5. e5 Nc6 6. a3 Bd7 7. axb4 Bxb4+ 8. c3
Be7 9. Bd3 Rc8 10. O-O h5 11. Na3 a6 12. c4 Nb4 13. Be2 Nh6 14. Rb1 Nf5 15. c5
a5 16. Nb5 Bxb5 17. Bxb5+ Kf8 18. Bd2 b6 19. Bxb4 axb4 20. c6 Ra8 21. Ra1 Ra5
22. Qd3 g6 23. Nd2 Rxb5 24. Qxb5 Nxd4 25. Qa6 Kg7 26. Qb7 Bc5 27. Ra7 Rf8 28.
Rfa1 Qc8 29. c7 Nb5 30. Qc6 Nd4 31. Qa4 b5 32. Qa6 b3 33. Qxc8 Rxc8 34. Rb7 b2
35. Ra2 Nc6 36. Rxb2 Nxe5 37. R2xb5 Bd6 38. f4 Nd3 39. g3 Rxc7 40. Rxc7 Bxc7
41. Rb7 Bd6 42. Nf3 Nc5 43. Rb6 Ne4 44. Rc6 Be7 45. Kf1 Bf6 46. Ke2 g5 47. Ke3
g4 48. Ne1 Be7 49. Nd3 Nd6 50. Rc7 Nf5+ 51. Kf2 Bf6 52. Kg2 Bd4 53. Nb4 Ne3+
54. Kf2 Kg6 55. Nc6 Bf6 56. Nb8 d4 57. Nd7 d3 58. Nf8+ Kf5 59. Kg1 d2 60. Kf2
d1=Q 61. Kxe3 Bd4# 0-1

[Event "Championnat de France des Jeunes - Junio"]
[Site "MONTLUCON"]
[Date "2011.04.24"]
[Round "9.7"]
[White "Nari, Damien"]
[Black "Massoni, Michael"]
[Result "0-1"]
[WhiteElo "1913"]
[BlackElo "2338"]
[PlyCount "66"]

1. c4 e5 2. Nc3 Nf6 3. g3 d5 4. cxd5 Nxd5 5. Bg2 Nb6 6. Nf3 Nc6 7. d3 Be7 8. a3
Be6 9. b4 a5 10. b5 Nd4 11. Rb1 f6 12. Na4 Bd5 13. e4 Ba2 14. Nxb6 cxb6 15. Rb2
Be6 16. Nxd4 Qxd4 17. Rd2 Rd8 18. O-O Bc5 19. Bf3 O-O 20. Bb2 Qd7 21. Qa4 Qf7
22. Bd1 Bd4 23. Qc2 Bc5 24. Qa4 Kh8 25. Bc2 Bd4 26. Bd1 Bxb2 27. Rxb2 Rxd3 28.
Qc2 Rd4 29. Qb1 Qe7 30. a4 Rfd8 31. Bc2 Qc5 32. Rd1 Rd2 33. Rf1 Bh3 0-1

[Event "Championnat de France des Jeunes - Junio"]
[Site "MONTLUCON"]
[Date "2011.04.24"]
[Round "9.8"]
[White "Blum, Nicolas"]
[Black "Chandesris, Ludovic"]
[Result "1-0"]
[WhiteElo "2245"]
[BlackElo "2121"]
[PlyCount "97"]

1. Nh3 d5 2. g3 e5 3. Bg2 Nf6 4. c3 Bf5 5. d4 Nbd7 6. f3 Bd6 7. Nf2 exd4 8.
cxd4 O-O 9. O-O Bb4 10. e4 Be6 11. e5 Ne8 12. f4 g6 13. Qb3 c5 14. Nc3 Nb6 15.
a3 cxd4 16. axb4 dxc3 17. bxc3 Qc7 18. Qc2 a5 19. Be3 Ng7 20. bxa5 Nc4 21. Bd4
Rxa5 22. g4 Rfa8 23. Rxa5 Qxa5 24. h3 Qd8 25. Nd3 h5 26. Nc5 hxg4 27. hxg4 Bxg4
28. Nxb7 Qd7 29. Nc5 Qd8 30. Nb7 Qd7 31. Nc5 Qc6 32. Bf2 Rb8 33. Qd3 Rc8 34.
Bxd5 Nb2 35. Qe4 Qb5 36. Qxg6 Bh5 37. Bxf7+ Kf8 38. Ne6+ Nxe6 39. Qxe6 Bxf7 40.
Qxc8+ Kg7 41. Qg4+ Kf8 42. e6 Be8 43. Bd4 Bc6 44. Qg7+ Ke8 45. Qg8+ Ke7 46.
Bf6+ Kd6 47. Qd8+ Kxe6 48. Re1+ Kf7 49. Qe7+ 1-0

[Event "Championnat de France des Jeunes - Junio"]
[Site "MONTLUCON"]
[Date "2011.04.24"]
[Round "9.9"]
[White "Ludwig, Remi"]
[Black "Lambert, Romain"]
[Result "1-0"]
[WhiteElo "2253"]
[BlackElo "2054"]
[PlyCount "55"]

1. d4 d5 2. c4 e6 3. Nc3 Nf6 4. cxd5 exd5 5. Bg5 c6 6. Qc2 Na6 7. a3 Nc7 8. e3
Be7 9. Bd3 Ne6 10. Bh4 g6 11. Nge2 Ng7 12. f3 Bf5 13. e4 dxe4 14. fxe4 Be6 15.
h3 O-O 16. O-O Rc8 17. Qc1 Re8 18. e5 Nd5 19. Bxe7 Qxe7 20. Ne4 Bf5 21. N2c3
Qh4 22. Qd2 Nxc3 23. Nf6+ Kh8 24. bxc3 Re7 25. Rf4 Qg3 26. Rf3 Qh4 27. g3 Qxh3
28. Bf1 1-0